Refrigeración y acondicionamiento de aire

保存先:
書誌詳細
第一著者: Stoecker, W. F (autor)
その他の著者: Seijas Domínguez, José (traductor)
フォーマット: 図書
言語:スペイン語
出版事項: Ciudad de México, México McGraw-Hill 1970
主題:
タグ: タグ追加
タグなし, このレコードへの初めてのタグを付けませんか!

MARC

LEADER 00000nam a2200000 a 4500
001 UCV3619
003 CL-VaPUC
005 20210630001419.0
008 881109e19700000MX |||||||||||||||||spa|d
999 |c 210770  |d 210768 
040 |c Pontificia Universidad Católica de Valparaíso 
082 0 4 |a 621.56 STO 1970  |2 21 
100 0 |a Stoecker, W. F  |e autor  |9 297870 
245 1 0 |a Refrigeración y acondicionamiento de aire 
260 3 |a Ciudad de México, México  |b McGraw-Hill  |c 1970 
300 |a 406 páginas 
500 |a Donación familia profesor Sergio Soto Silva. Escuela de Mecánica. 
583 |a last modification  |c 19881109 00:00:00  |k Rodrigo Vera 
650 0 |a Refrigeración  |v Refrigerantes  |x Aire acondicionado  |9 259343 
700 1 |a Seijas Domínguez, José  |e traductor  |9 861958 
942 |c BK  |2 ddc 
945 |d 19881109 00:00:00 
952 |0 0  |1 0  |2 ddc  |4 0  |6 621_560000000000000_STO_1970  |7 0  |8 A  |9 187287  |a BIBMEC  |b BIBMEC  |d 2019-11-14  |i 2549948  |o 621.56 STO 1970  |p 2549948  |r 2019-11-14  |t 2  |w 2019-11-14  |y BK  |k MEC 
952 |0 0  |1 0  |2 ddc  |4 0  |6 621_560000000000000_STO_1970  |7 0  |8 A  |9 578333  |a BIBMEC  |b BIBMEC  |d 2021-06-29  |i 5622379  |l 6  |o 621.56 STO 1970  |p 5622379  |r 2024-01-19  |s 2022-12-09  |t 3  |w 2021-06-29  |y BK  |k MEC